| 000 | 00367nam a2200145Ia 4500 | ||
|---|---|---|---|
| 003 | OSt | ||
| 005 | 20240115153716.0 | ||
| 008 | 170523s9999 xx 000 0 und d | ||
| 020 | _a0071135812 | ||
| 040 | _ciimt university meerut | ||
| 100 | _aPARKER- CHARLES | ||
| 245 | 0 | _aMANAGEMENT INFORMATION SYSTEM | |
| 260 | _bMAXWELL AND MACMILLAN INTERNATIONAL | ||
| 942 |
_2ddc _c02 |
||
| 999 |
_c24 _d24 |
||